000
00284nam a22001337a 4500
008
170502b xxu||||| |||| 00| 0 eng d
020
_a
9780534127084
041
_a
eng
080
_a
343.9
100
_a
14
101
_a
SHJ
245
_a
CRIMINOLOGY
_c
SHELEY, J.F
942
_2
udc
_c
BK
999
_c
12411
_d
12411